Medical gloves for single use. Part 4. Requirements and testing for shelf life determination (CD Form) (Record no. 73304)

MARC details
000 -LEADER
fixed length control field 00395nam a2200121Ia 4500
245 #0 - TITLE STATEMENT
Title Medical gloves for single use. Part 4. Requirements and testing for shelf life determination (CD Form)
260 ## - PUBLICATION, DISTRIBUTION, ETC. (IMPRINT)
Year of publication 2009
500 ## - GENERAL NOTE
General note Standard number: BS EN 455-4
650 ## - SUBJECT ADDED ENTRY--TOPICAL TERM
Topical Term Medical gloves-single use
650 ## - SUBJECT ADDED ENTRY--TOPICAL TERM
Topical Term Shelf life determination
942 ## - ADDED ENTRY ELEMENTS (KOHA)
Koha item type Standards
Holdings
Withdrawn status Lost status Damaged status Not for loan Collection code Home library Current library Date acquired Koha item type
      Standards European standards RRII Library RRII Library 31/12/2021 Standards